| 000 | 01041nam a2200229Ia 4500 | ||
|---|---|---|---|
| 003 | BUBTL | ||
| 008 | 151213s9999 xx 000 0 und d | ||
| 041 | _aবাংলা ও ইংরেজী | ||
| 082 | _a340.5/ H7949j/ 2007 | ||
| 100 |
_aহোসেন, এড. নাজনীন _95476 |
||
| 245 |
_aব্যবহার তত্ত্ব ( আইন বিজ্ঞান )/ _cএড. নাজনীন হোসেন , মো: মশিউর রহমান, আশরাফুল আরাফাত সুফিয়ান। |
||
| 250 | _a৩য় সং | ||
| 260 |
_aঢাকা _bজলিল বুক সেন্টার। _cc2007 |
||
| 300 |
_a392p. : _bill. ; 22 cm. |
||
| 526 | _aLaw | ||
| 650 | _aLaw | ||
| 650 | _a | ||
| 700 |
_aএড. নাজনীন হোসেন , মো: মশিউর রহমান, আশরাফুল আরাফাত সুফিয়ান। _95477 |
||
| 856 |
_k0 _l0 _yDownload |
||
| 942 |
_2ddc _cBK |
||
| 999 |
_c2529 _d2529 |
||